| 000 | 00764nam a2200205Ii 4500 | ||
|---|---|---|---|
| 001 | 16294 | ||
| 003 | CO-ViMGA | ||
| 008 | 241108s9999||||xx |||||||||||||| ||und|| | ||
| 020 | _a9789587195439 | ||
| 040 |
_aCO-ViMGA _bspa _erda _cCO-ViMGA |
||
| 041 | 0 | _aunk | |
| 082 | 0 | 4 | _a801.95 R36 |
| 245 | 1 | 0 |
_aRepresentaciones, identidades y ficciones : _blectura crítica de las historias de la literatura latinoamericana |
| 264 | 1 | _a[Lugar de publicación no identificado] : Universidad Nacional de Colombia. Facultad de Ciencias Humanas, [Fecha de publicación no identificada] | |
| 300 | _avolumen | ||
| 336 |
_atext _btxt _2rdacontent |
||
| 337 |
_aunmediated _bn _2rdamedia |
||
| 338 |
_avolume _bnc _2rdacarrier |
||
| 940 | _aidficha_siabuc: 15964. -- ficha_no_siabuc:16294 | ||
| 999 |
_c55808 _d55808 |
||